|
|
|
|
| LEADER |
01059nam a2200277 a 4500 |
| 001 |
13093 |
| 003 |
BD-DhAAL |
| 008 |
111115r20041999njua b 001 0 eng |
| 999 |
|
|
|c 11396
|d 11396
|
| 010 |
|
|
|a 98007011
|
| 020 |
|
|
|a 8178083000
|
| 020 |
|
|
|a 0132733501
|
| 040 |
|
|
|a DLC
|c DLC
|d DLC
|d BD-DhAAL
|
| 050 |
0 |
0 |
|a QA76.87
|b .H39 1999
|
| 082 |
0 |
0 |
|a 006.32
|2 21
|
| 100 |
1 |
|
|a Haykin, Simon S.,
|d 1931-
|9 40316
|
| 245 |
1 |
0 |
|a Neural networks :
|b a comprehensive foundation /
|c Simon Haykin.
|
| 250 |
|
|
|a Second edition
|
| 260 |
|
|
|a Upper Saddle River, N.J. ;
|a New Delhi :
|b Prentice Hall,
|c c1999 [reprinted 2004].
|
| 300 |
|
|
|a xxi, 842 pages :
|b illustrations ;
|c 25 cm.
|
| 504 |
|
|
|a Includes bibliographical references (p. 796-836) and index.
|
| 541 |
|
|
|e 00013218
|
| 650 |
|
0 |
|a Neural networks (Computer science)
|9 40317
|
| 852 |
1 |
|
|a Ayesha Abed Library
|c General Stacks
|
| 942 |
|
|
|2 ddc
|c BK
|
| 952 |
|
|
|0 0
|1 1
|2 ddc
|4 0
|6 006_320000000000000_HAY
|7 0
|9 18558
|a BRACUL
|b BRACUL
|c GEN
|d 2011-11-16
|g 337.00
|l 1
|m 10
|o 006.32 HAY
|p 3010013093
|r 2013-07-25
|s 2013-01-14
|t 1
|w 2011-11-16
|y BK
|